000 00948cam a2200265 a 4500
001 16777164
005 20190414020032.0
008 110513s2012 enka b 001 0 eng
010 _a 2011020160
020 _a9780199811786
040 _aDLC
_cDLC
042 _apcc
050 0 0 _aHD30.22
_b.S247 2012
082 0 0 _a338.5024/658
_223
100 1 _aSalvatore, Dominick.
245 1 0 _aManagerial economics in a global economy /
_cDominick Salvatore.
250 _a7th ed.
260 _aOxford ;
_aNew York :
_bOxford University Press,
_cc2012.
300 _axxxv, 737 p. :
_bill. ;
_c25 cm.
504 _aIncludes bibliographical references and index.
650 0 _aManagerial economics.
906 _a7
_bcbc
_corignew
_d1
_eecip
_f20
_gy-gencatlg
942 _2lcc
_cBOOKS
_hHD 30.22 .S247 2012
_02
999 _c11567
_d11567